000 01301nam a2200373 c 4500
003 BLK
005 20241104174213.0
008 180409b bul|||||r ||||||| ||bul||
020 _a9786197616378
040 _aBLK
041 _aBUL
_cBUL
080 _aСредни училища
_b373.5
_x(497.215)(091)
_z373.5(497.215)(091)
100 _aЧакъров, Николай Иванов
_eпърви автор
_9325753
_d1970-
_gИсторик
139 _aЧакъров, Николай Иванов
_bЧ 19
245 1 0 _aИстория на немското училище в град Русе
_cНиколай Чакъров
250 _a2. доп. и прераб. изд.
257 _aBGR
260 _bЛени-Ан
_c2023
_aРусе
300 _a160 с.
_bс ил., факс., табл.
_c20 см
380 _a3
500 _a1. изд. 2001.
650 4 _aСредни училища - България - Русе
_9279831
651 4 _aРусе
_9179462
651 4 _aБългария
_9241624
653 _aДойче шуле
653 _aнемски училища
653 _aистория
653 _aРусе
653 _aсредни училища
856 4 _qpdf
856 4 _qpdf
942 _cKNG
_n0
_01
944 _k30542
_lРусанова Ирена
999 _c498248
_d498248